000 00444nam a2200181Ia 4500
008 230524s9999 xx 000 0 und d
020 _a0195686659
082 _a621.2892
_bBHA
100 _aD.K.Bhattacharya
245 0 _aSolid State Electronic Devices
250 _a2ND
260 _aNEW DELHI
_bOxford
_c2008
300 _aXIV;533
500 _aQuantity Number: 5
650 _aElectronics
700 _a Rajnish Sharma
942 _cBK
999 _c43707
_d43707